000 nam a22 a 4500
999 _c326949
_d326949
003 BLK
005 20230406030501.0
008 181130b bu ||||| |||| 00| 0 bu d
020 _a9789543461189
040 _aBLK
041 _aBUL
_cBUL
100 _9243674
_aТополов, Стайко
_eпърви автор
139 _aТополов, Стайко
_bТ 74
245 _aГалерия "Шарж"
_bепиграми, римувани вицове, несериозни стихотворения и дружески шаржове и пародии
260 _9210712
_aСтара Загора
_bЛаген
_c2018
_fЛитера принт
300 _a132 с.
_bс ил., портр.
_c20 см
380 _aX
500 _aСтайко Тополов - псевд. на Стайко Илиев Стайков
650 0 _aБългарска литература
_9243597
653 7 _9200297
_aхумор
653 7 _9200774
_aшаржове
653 7 _9193384
_aпародии
700 _91311
_aМитев, Трифон
_eред.
700 _9599
_aНиколов, Дечко
_eил.
700 _9390421
_aСлавова, Антоанета Димитрова
_eпредпечат
852 _aЦб 291991
942 _cKNG
_n0
944 _aCR
_c2018-11-30
_kКристиан Велковски
_l2018-11-30